• 首页
  • 本馆介绍
  • 公告通知
  • 最新文献
  • 馆藏检索
  • 电子资源
  • 读者导购
  • 参考咨询
  • 我的图书馆
  • 登录
  • 详细信息显示
  • 放入我的书架
  • 预约/预借图书
  • 作者相关作品
  • 分类相关作品
  • 丛书相关作品
  • 出版社相关作品

书目信息

  • 表格格式
  • 工作单格式
  • 卡片格式
题名:
互联网时代:公共文化服务的治理变革
    
 
作者: 刘京晶
分册:  
出版信息: 北京   知识产权出版社  2016.07
页数: 259页
开本: 20cm
丛书名:
单 册:
中图分类: G123
科图分类:
主题词: 文化事业--中国
电子资源:
ISBN: 7-5130-4316-7
000 00657nam0 2200205 450
001 2781
005 20161206085532.50
010    @a7-5130-4316-7@dCNY45.00
100    @a20150810d2016 km y0chiy0120 ea
101 0  @achi
102    @aCN@b110000
200 1  @a互联网时代:公共文化服务的治理变革@Ahu lian wang shi dai:gong gong wen hua fu wu de zhi li bian ge@f刘京晶@Fliu jing jing
210    @a北京@c知识产权出版社@d2016.07
215    @a259页@d20cm
330    @a公共管理·文化工作·研究·中国
606 0  @a文化事业@x中国
690    @aG123@v4
701  0 @a刘京晶@Aliu jing jing
801  0 @aCN@b大连网信软件有限公司图书馆·11@c20161206
905    @aZUCC@dG123@e189
    
    互联网时代:公共文化服务的治理变革/刘京晶.-北京:知识产权出版社,2016.07
    259页;20cm
    
    
    ISBN 7-5130-4316-7:CNY45.00
    公共管理·文化工作·研究·中国
●
相关链接 在E读中查询图书 在五车中查询图书 在当当中查询图书 在豆瓣中查询图书


正题名:互联网时代:公共文化服务的治理变革     索取号:G123/189         预约/预借

序号 登录号 条形码 馆藏地/架位号 状态 备注
1 911384   209113840   第一样本阅览室/ [索取号:G123/189] 在馆    
2 911385   209113859   第四借阅区/ [索取号:G123/189] 在馆    
3 911386   209113868   第四借阅区/ [索取号:G123/189] 在馆    
4 911387   209113877   第四借阅区/ [索取号:G123/189] 在馆    
5 911388   209113886   第四借阅区/ [索取号:G123/189] 在馆    
唐山师范学院图书馆 欢迎您!
大连网信软件有限公司© 版权所有